| 000 | 00720pam a2200217 a 4500 | ||
|---|---|---|---|
| 020 | _a0070616191 : | ||
| 082 | 0 | 0 |
_a621.56 _bSTO _cL-8, P-21 |
| 100 | 1 |
_aStoecker, W. F. _941878 |
|
| 245 | 1 | 0 |
_aRefrigeration and air conditioning / _cW.F. Stoecker, J.W. Jones. |
| 250 | _a2nd ed. | ||
| 260 |
_aNew York : _bMcGraw-Hill, _cc1982. |
||
| 300 |
_axvi, 443 p. : _bill. ; _c25 cm. |
||
| 526 |
_a0 _b0 _c0 _d621_560000000000000_STO |
||
| 526 |
_a0 _b0 _c0 _d621_560000000000000_STO |
||
| 650 | 0 |
_aAir conditioning. _919032 |
|
| 650 | 0 |
_aMCE _9379 |
|
| 650 | 0 |
_aRefrigeration and refrigerating machinery. _919031 |
|
| 700 | 1 |
_aJones, J. W. _941879 |
|
| 856 | 4 | 1 | _uhttp://www.loc.gov/catdir/toc/mh021/81019385.html |
| 942 |
_2ddc _cBK |
||
| 999 |
_c545895 _d545895 |
||